000 00622nam a2200229Ia 4500
003 OSt
005 20220926010251.0
006 a|||||r|||| 00| 0
007 ta
008 220923b |||||||| |||| 00| 0 eng d
037 _cGeneral Book
040 _aRTL
_cRTL
_beng
041 _2eng
_aeng
082 _aY5926.2.N7, M0
100 _aRam Jagjivan
_9312017
245 0 _aCaste challenge in India
260 _a New Delhi
_bVision Books
_c1980
300 _a120p
_ccm.
650 _aScheduled Castes Tribes
942 _hY5926.2.N7, M0
_cGB
_2CC
999 _c616857
_d616857